000 00578nam a2200205Ia 4500
008 131103s9999 xx 000 0 und d
040 _aLoreto College
041 _aEnglish
082 _a370.15/McD
_bLCLIB
100 _aMcDougall,William
245 _aCharacter and the conduct of life
_b practical psychology for everyman
_cWilliam McDougall
250 _a9th ed.
260 _aLondon
_bMethuen & Co.
_c1949
300 _axiii,287 p.
_c 9 cm.
504 _aIncludes index
650 _aEducation
651 _aEducational Psychology
850 _aLCLIB
942 _cBK
999 _c9038
_d59517